[Event "Tamil Nadu IM 20th"]
[Site "Coimbatore"]
[Date "2024.02.27"]
[Round "2"]
[White "Buscara, Sevan"]
[Black "Aakash, G2."]
[Result "1/2-1/2"]
[WhiteElo "2256"]
[BlackElo "2117"]
[PlyCount "75"]
[EventDate "2024.02.27"]
[EventType "tourn"]
[EventRounds "9"]
[EventCountry "IND"]
[SourceTitle "CB10_2024"]
[SourceDate "2024.03.06"]
[SourceVersion "1"]
[SourceVersionDate "2024.03.06"]
[SourceQuality "1"]

1. Nf3 d5 2. g3 Bg4 3. Bg2 Nd7 4. h3 Bxf3 5. Bxf3 e6 6. d4 Ngf6 7. 0-0 Bd6 8. c4 c6 9. Nd2 0-0 10. Bg2 Qe7 11. Qc2 c5 12. dxc5 Bxc5 13. a3 Rac8 14. b4 Bd4 15. Rb1 dxc4 16. Bxb7 Rc7 17. Bg2 Bb6 18. a4 c3 19. a5 cxd2 20. Qxd2 Rd8 21. axb6 Nxb6 22. Qg5 h6 23. Qa5 Nfd5 24. Bb2 Nc4 25. Qa1 f6 26. Rfd1 Rdc8 27. b5 Qe8 28. Bd4 Qe7 29. Qa6 Kh8 30. Ra1 Nb4 31. Qa4 Nb6 32. Bxb6 axb6 33. Rab1 Rc4 34. Bc6 Qc5 35. Qa7 Nxc6 36. bxc6 Rc3 37. e3 Qxc6 38. Qxb6 1/2-1/2

[Event "Tamil Nadu IM 19th"]
[Site "Tiruppur"]
[Date "2024.02.23"]
[Round "6"]
[White "Lokesh, N1."]
[Black "Buscara, Sevan"]
[Result "0-1"]
[WhiteElo "2217"]
[BlackElo "2256"]
[PlyCount "42"]
[EventDate "2024.02.20"]
[EventType "tourn"]
[EventRounds "9"]
[EventCountry "IND"]
[SourceTitle "CB09_2024"]
[SourceDate "2024.02.28"]
[SourceVersion "1"]
[SourceVersionDate "2024.02.28"]
[SourceQuality "1"]

1. e4 e5 2. Nf3 Nc6 3. Nc3 Nf6 4. Bb5 Nd4 5. Ba4 c6 6. Nxe5 d5 7. exd5 Bd6 8. Nc4 0-0 9. d3 Bg4 10. f3 Re8+ 11. Ne3 Nf5 12. Ne4 Nxe4 13. dxe4 Rxe4 14. Qe2 Nxe3 15. Bxe3 Qa5+ 16. Kf1 Qxa4 17. Qd3 Rxe3 18. Qxe3 Bd7 19. dxc6 Bxc6 20. Rd1 Re8 21. Qd4 Bb5+ 0-1

[Event "Tamil Nadu IM 17th"]
[Site "Karaikudi"]
[Date "2024.02.10"]
[Round "7"]
[White "Buscara, Sevan"]
[Black "Sitnikov, Anton"]
[Result "1/2-1/2"]
[WhiteElo "2256"]
[BlackElo "2362"]
[PlyCount "40"]
[EventDate "2024.02.06"]
[EventType "tourn"]
[EventRounds "9"]
[EventCountry "IND"]
[SourceTitle "CB07_2024"]
[SourceDate "2024.02.14"]
[SourceVersion "1"]
[SourceVersionDate "2024.02.14"]
[SourceQuality "1"]

1. d4 d5 2. c4 c6 3. cxd5 cxd5 4. Nc3 Nf6 5. Nf3 Nc6 6. Bf4 Bf5 7. e3 e6 8. Bd3 Bxd3 9. Qxd3 Bd6 10. Bxd6 Qxd6 11. 0-0 0-0 12. Rfc1 Rfc8 13. Ne2 Ne7 14. Rxc8+ Rxc8 15. Rc1 Rxc1+ 16. Nxc1 Nc8 17. Ne2 Ne7 18. Nc1 Nc8 19. Ne2 Ne7 20. Nc1 Nc8 1/2-1/2

[Event "Tamil Nadu IM 17th"]
[Site "Karaikudi"]
[Date "2024.02.07"]
[Round "3"]
[White "Lokesh, N1."]
[Black "Buscara, Sevan"]
[Result "0-1"]
[WhiteElo "2217"]
[BlackElo "2256"]
[PlyCount "92"]
[EventDate "2024.02.06"]
[EventType "tourn"]
[EventRounds "9"]
[EventCountry "IND"]
[SourceTitle "CB07_2024"]
[SourceDate "2024.02.14"]
[SourceVersion "1"]
[SourceVersionDate "2024.02.14"]
[SourceQuality "1"]

1. e4 g6 2. d4 Bg7 3. Nf3 d6 4. Bc4 Nf6 5. e5 dxe5 6. Nxe5 0-0 7. 0-0 Nbd7 8. Nc3 c5 9. Nxd7 Bxd7 10. dxc5 Qc7 11. Nd5 Nxd5 12. Bxd5 Rad8 13. Qf3 Qxc5 14. c3 Bb5 15. Rd1 Bc6 16. Be3 Qb5 17. Bxc6 bxc6 18. Rab1 Qa4 19. a3 e5 20. Bc5 e4 21. Qe2 Rfe8 22. b3 Rxd1+ 23. Qxd1 Qa5 24. Qd7 Rd8 25. b4 Rxd7 26. bxa5 Bxc3 27. a6 Bd4 28. Rb7 Rd5 29. Bxd4 Rxd4 30. Kf1 Ra4 31. Rxa7 Rxa3 32. h4 Kg7 33. Ke2 Kf6 34. Ra8 Kf5 35. g3 Kg4 36. a7 f5 37. Rc8 Rxa7 38. Rxc6 Kh3 39. Rf6 Kg2 40. h5 Ra2+ 41. Ke3 Rxf2 42. hxg6 hxg6 43. g4 Rf3+ 44. Kd4 Rd3+ 45. Kc4 fxg4 46. Rxg6 g3 0-1

[Event "Tamil Nadu IM 16th"]
[Site "Chennai"]
[Date "2024.01.31"]
[Round "3"]
[White "Mamombe, Kudzanai"]
[Black "Buscara, Sevan"]
[Result "0-1"]
[WhiteElo "1608"]
[BlackElo "2256"]
[PlyCount "98"]
[EventDate "2024.01.30"]
[EventType "tourn"]
[EventRounds "9"]
[EventCountry "IND"]
[SourceTitle "CB06_2024"]
[SourceDate "2024.02.07"]
[SourceVersion "1"]
[SourceVersionDate "2024.02.07"]
[SourceQuality "1"]

1. e4 c5 2. Nf3 Nc6 3. d4 cxd4 4. Nxd4 e5 5. Nb5 d6 6. c4 Be7 7. N1c3 a6 8. Na3 Nf6 9. Be3 0-0 10. Be2 Be6 11. 0-0 Rc8 12. Nc2 Na5 13. b3 b5 14. Nd5 Bxd5 15. exd5 bxc4 16. b4 Nb7 17. Na3 a5 18. Nxc4 axb4 19. Rb1 Nd7 20. Rxb4 Nbc5 21. a4 Qc7 22. Qa1 f5 23. f4 Bf6 24. Qa2 g6 25. Kh1 Rfe8 26. Rfb1 Kh8 27. a5 exf4 28. Bxf4 Ne4 29. Bf1 Ndc5 30. Rb6 Nc3 31. Qc2 Nxb1 32. Bxd6 Qf7 33. Qxb1 Ne4 34. h3 Qxd5 35. Bf4 Rxc4 36. Bxc4 Qxc4 37. Rb8 Rxb8 38. Qxb8+ Kg7 39. Qc7+ Qxc7 40. Bxc7 Nc5 41. g3 Kf7 42. Kg2 Ke6 43. g4 Na6 44. Bg3 Bc3 45. gxf5+ Kxf5 46. Bf2 Bxa5 47. Kf3 Nc7 48. Kg2 Ne6 49. Bg3 Bc7 0-1

[Event "Tamil Nadu IM 15th"]
[Site "Chennai"]
[Date "2024.01.28"]
[Round "9"]
[White "Buscara, Sevan"]
[Black "Karthik, Rajaa"]
[Result "0-1"]
[WhiteElo "2359"]
[BlackElo "2289"]
[PlyCount "58"]
[EventDate "2024.01.23"]
[EventType "tourn"]
[EventRounds "9"]
[EventCountry "IND"]
[EventCategory "1"]
[SourceTitle "CB05_2024"]
[SourceDate "2024.01.31"]
[SourceVersion "1"]
[SourceVersionDate "2024.01.31"]
[SourceQuality "1"]

1. g3 c5 2. Bg2 Nc6 3. e4 g6 4. Ne2 Bg7 5. d3 d6 6. f4 e6 7. Nd2 Nge7 8. 0-0 Qd7 9. c3 b6 10. g4 Bb7 11. Nf3 f5 12. gxf5 gxf5 13. Ng3 0-0-0 14. Ng5 Rdf8 15. Qb3 d5 16. e5 h6 17. Nf3 h5 18. h4 d4 19. c4 Ng6 20. Kf2 Bh6 21. Ne2 Rfg8 22. Qd1 Qe7 23. Rh1 Ngxe5 24. fxe5 Be3+ 25. Bxe3 dxe3+ 26. Kxe3 Rxg2 27. Rg1 Rg4 28. Qe1 Nb4 29. Rc1 Bxf3 0-1

[Event "Tamil Nadu IM 15th"]
[Site "Chennai"]
[Date "2024.01.25"]
[Round "5"]
[White "Nihal, Swarna"]
[Black "Buscara, Sevan"]
[Result "1/2-1/2"]
[WhiteElo "2131"]
[BlackElo "2359"]
[PlyCount "110"]
[EventDate "2024.01.23"]
[EventType "tourn"]
[EventRounds "9"]
[EventCountry "IND"]
[EventCategory "1"]
[SourceTitle "CB05_2024"]
[SourceDate "2024.01.31"]
[SourceVersion "1"]
[SourceVersionDate "2024.01.31"]
[SourceQuality "1"]

1. d4 d5 2. c4 e6 3. Nf3 a6 4. cxd5 exd5 5. Nc3 Nf6 6. Bg5 Be6 7. e3 Nbd7 8. Bd3 c6 9. 0-0 Bd6 10. Bf4 Qb8 11. Bxd6 Qxd6 12. Rb1 a5 13. a3 0-0 14. Qc2 g6 15. Nd2 Ng4 16. g3 f5 17. Na4 Rf7 18. b4 axb4 19. axb4 f4 20. exf4 Rxf4 21. Nc5 Rxd4 22. Nxe6 Qxe6 23. Nf3 Qf6 24. Nxd4 Qxd4 25. h3 Nge5 26. Be2 Rf8 27. b5 Nf6 28. bxc6 bxc6 29. Rfd1 Qa7 30. Ra1 Qf7 31. f4 Ne4 32. Ra3 Qe7 33. Rda1 Qf6 34. fxe5 Qf2+ 35. Kh1 Nxg3+ 36. Rxg3 Qxg3 37. Qd3 Qxe5 38. Rf1 Rxf1+ 39. Bxf1 Kf7 40. Qa6 Qc7 41. Bg2 h5 42. Qa3 Qd7 43. Qe3 Qd6 44. Qd4 Ke6 45. Qe3+ Kd7 46. Qa7+ Qc7 47. Qc5 Qb7 48. Qc2 Qb4 49. Qxg6 Qe1+ 50. Kh2 h4 51. Qh5 Kd6 52. Qh6+ Kc5 53. Qf8+ Kc4 54. Qf4+ Kb3 55. Qd6 Qc3 1/2-1/2

[Event "Tamil Nadu IM 14th"]
[Site "Chennai"]
[Date "2024.01.18"]
[Round "5"]
[White "Buscara, Sevan"]
[Black "Hemanth, Raam"]
[Result "1/2-1/2"]
[WhiteElo "2359"]
[BlackElo "2161"]
[PlyCount "168"]
[EventDate "2024.01.16"]
[EventType "tourn"]
[EventRounds "9"]
[EventCountry "IND"]
[SourceTitle "CB04_2024"]
[SourceDate "2023.10.16"]
[SourceVersion "1"]
[SourceVersionDate "2023.10.16"]
[SourceQuality "1"]

1. g3 d5 2. Bg2 c5 3. c4 d4 4. d3 e5 5. b4 cxb4 6. Nf3 Nc6 7. 0-0 Bd6 8. a3 Nge7 9. axb4 Bxb4 10. Qa4 Bd6 11. Ba3 0-0 12. Nbd2 Bxa3 13. Qxa3 Bg4 14. Rfb1 Qc7 15. Ne4 Rad8 16. Nc5 Bc8 17. Qb2 b6 18. Na6 Bxa6 19. Rxa6 Nb8 20. Ra2 Nd7 21. Qa3 Nc6 22. Ng5 Nc5 23. Ne4 Nxe4 24. Bxe4 Rb8 25. Rb5 Rfe8 26. Rab2 Ne7 27. Qa2 Rbd8 28. c5 bxc5 29. Rb7 Qd6 30. Qxa7 Nc8 31. Qa5 Re7 32. Rxe7 Nxe7 33. Rb6 Qc7 34. Qb5 g6 35. Rb7 Qd6 36. Rb6 Qc7 37. h4 Nc8 38. Rc6 Na7 39. Rxc7 Nxb5 40. Rxc5 Nc3 41. Bf3 Re8 42. Rc4 Kg7 43. e3 Rd8 44. exd4 exd4 45. Rc7 Rd6 46. Bc6 Re6 47. Kf1 Kf6 48. Bd7 Re5 49. Bc8 Ra5 50. Rc6+ Ke7 51. Ba6 Kd7 52. Rf6 Nd5 53. Rxf7+ Ke6 54. Ra7 Kd6 55. Ra8 Nc7 56. Rd8+ Ke7 57. Rh8 Nxa6 58. Rxh7+ Kf6 59. Rd7 Ra4 60. Rd6+ Kf7 61. Ke2 Nc5 62. f4 Ne6 63. Kf3 Ra1 64. Ke4 Re1+ 65. Kd5 Re3 66. Rb6 Ng7 67. g4 Rxd3 68. Rb7+ Kg8 69. Ke5 Rf3 70. Rd7 d3 71. Ke4 Rg3 72. h5 gxh5 73. gxh5 Ne6 74. Rd5 Rh3 75. Ke5 Ng7 76. Ke4 Ne6 77. Ke5 Re3+ 78. Kf5 Kg7 79. Kg4 Kf6 80. h6 Nxf4 81. Kxf4 Rh3 82. Ke4 Kg6 83. Rxd3 Rxd3 84. Kxd3 Kxh6 1/2-1/2

[Event "Tamil Nadu IM 14th"]
[Site "Chennai"]
[Date "2024.01.16"]
[Round "2"]
[White "Buscara, Sevan"]
[Black "Mamombe, Kudzanai"]
[Result "1-0"]
[WhiteElo "2359"]
[BlackElo "1797"]
[PlyCount "69"]
[EventDate "2024.01.16"]
[EventType "tourn"]
[EventRounds "9"]
[EventCountry "IND"]
[SourceTitle "CB04_2024"]
[SourceDate "2023.10.16"]
[SourceVersion "1"]
[SourceVersionDate "2023.10.16"]
[SourceQuality "1"]

1. Nf3 d5 2. c4 c6 3. e3 Nf6 4. Nc3 e6 5. b3 Be7 6. Bb2 0-0 7. Qc2 Nbd7 8. Rg1 e5 9. cxd5 cxd5 10. Nb5 e4 11. Nfd4 a6 12. Nc3 Ne5 13. f4 Ng6 14. h3 Nh5 15. g3 Re8 16. 0-0-0 Qa5 17. g4 Nf6 18. g5 Nd7 19. Kb1 Bf8 20. h4 Ne7 21. d3 exd3 22. Bxd3 g6 23. h5 Nc5 24. hxg6 hxg6 25. Qh2 Nxd3 26. Rxd3 Bg7 27. Rh1 Bd7 28. Ne4 Kf8 29. Qh7 Ng8 30. Qxg7+ Ke7 31. Nc3 Rac8 32. b4 Rxc3 33. Rxc3 Qd8 34. Rh7 Rf8 35. Qe5+ 1-0

[Event "Tamil Nadu IM 12th"]
[Site "Chennai"]
[Date "2024.01.11"]
[Round "4"]
[White "Prasannaa, S."]
[Black "Buscara, Sevan"]
[Result "1-0"]
[WhiteElo "2213"]
[BlackElo "2359"]
[PlyCount "109"]
[EventDate "2024.01.09"]
[EventType "tourn"]
[EventRounds "9"]
[EventCountry "IND"]
[SourceTitle "CB03_2024"]
[SourceDate "2024.01.17"]
[SourceVersion "1"]
[SourceVersionDate "2024.01.17"]
[SourceQuality "1"]

1. e4 g6 2. d4 Bg7 3. Nc3 d6 4. Nf3 a6 5. Be3 b5 6. Bd3 Bb7 7. Qd2 Nd7 8. a4 c6 9. 0-0 Qb8 10. Rfe1 e5 11. d5 b4 12. dxc6 Bxc6 13. Nd5 Bxd5 14. exd5 Ngf6 15. a5 0-0 16. Ra4 Nxd5 17. Be4 Qb5 18. Bxd5 Qxa4 19. Bxa8 Rxa8 20. Qxd6 Qb5 21. Rd1 Nf8 22. Rd5 Qa4 23. h3 Qa1+ 24. Kh2 Qxb2 25. Qc6 Rb8 26. Ba7 b3 27. Bxb8 bxc2 28. Rc5 Qxb8 29. Qb6 Qe8 30. Rxc2 Qa4 31. Rc8 e4 32. Nd2 Bh6 33. Nf1 Qa2 34. Kg1 Qa1 35. Re8 Qe1 36. Qxa6 Bd2 37. Qa8 Bb4 38. Rxe4 Qc3 39. Rxb4 Qxb4 40. a6 Kg7 41. a7 Nd7 42. Qc6 Nb6 43. a8Q Nxa8 44. Qxa8 Qb1 45. Qd5 h5 46. Qd4+ Kg8 47. g3 Qc1 48. Qe4 Qb2 49. Kg2 Kh7 50. Nh2 f5 51. Qd5 f4 52. gxf4 h4 53. Nf3 Qc2 54. Qf7+ Kh8 55. Qf8+ 1-0

[Event "Tamil Nadu IM 12th"]
[Site "Chennai"]
[Date "2024.01.09"]
[Round "2"]
[White "Raghav, V."]
[Black "Buscara, Sevan"]
[Result "0-1"]
[WhiteElo "2150"]
[BlackElo "2359"]
[PlyCount "70"]
[EventDate "2024.01.09"]
[EventType "tourn"]
[EventRounds "9"]
[EventCountry "IND"]
[SourceTitle "CB03_2024"]
[SourceDate "2024.01.17"]
[SourceVersion "1"]
[SourceVersionDate "2024.01.17"]
[SourceQuality "1"]

1. e4 c5 2. Nf3 Nc6 3. d4 cxd4 4. Nxd4 e5 5. Nb5 d6 6. N1c3 a6 7. Na3 b5 8. Nd5 Nge7 9. g3 h5 10. Bg2 Nxd5 11. exd5 Nd4 12. 0-0 Bg4 13. f3 Bd7 14. Re1 Nf5 15. Qe2 h4 16. g4 h3 17. Bf1 Nh4 18. Qf2 Be7 19. c4 f5 20. g5 Bxg5 21. f4 Bf6 22. fxe5 dxe5 23. Be3 0-0 24. Bb6 Qe8 25. c5 f4 26. Bd3 Qh5 27. Be4 Bf5 28. Bxf5 Qxf5 29. d6 e4 30. Red1 e3 31. Qe2 f3 32. Qc2 Qg4+ 33. Kh1 Qg2+ 34. Qxg2 hxg2+ 35. Kg1 f2# 0-1

[Event "Chennai op 14th"]
[Site "Chennai"]
[Date "2024.01.07"]
[Round "10"]
[White "Aakash, G2."]
[Black "Buscara, Sevan"]
[Result "1-0"]
[WhiteElo "1935"]
[BlackElo "2362"]
[PlyCount "55"]
[EventDate "2023.12.31"]
[EventType "swiss"]
[EventRounds "10"]
[EventCountry "IND"]
[SourceTitle "CB02_2024"]
[SourceDate "2024.01.10"]
[SourceVersion "1"]
[SourceVersionDate "2024.01.10"]
[SourceQuality "1"]

1. d4 d5 2. c4 c6 3. cxd5 cxd5 4. Nc3 Nf6 5. Bf4 Nc6 6. e3 Bg4 7. f3 Bd7 8. Bd3 e6 9. Bg5 Qb6 10. Qd2 Na5 11. Nge2 Nc4 12. Bxc4 dxc4 13. e4 h6 14. Bh4 Qa5 15. 0-0 b5 16. e5 g5 17. Be1 Nh5 18. g4 Ng7 19. f4 0-0-0 20. fxg5 hxg5 21. Ne4 b4 22. Rc1 Qxa2 23. Rxf7 Bc6 24. Nd6+ Bxd6 25. exd6 c3 26. Nxc3 bxc3 27. Qxc3 Rxd6 28. Qb4 1-0

[Event "Chennai op 14th"]
[Site "Chennai"]
[Date "2024.01.05"]
[Round "8"]
[White "Majumder, Shrayan"]
[Black "Buscara, Sevan"]
[Result "0-1"]
[WhiteElo "1964"]
[BlackElo "2362"]
[PlyCount "111"]
[EventDate "2023.12.31"]
[EventType "swiss"]
[EventRounds "10"]
[EventCountry "IND"]
[SourceTitle "CB02_2024"]
[SourceDate "2024.01.10"]
[SourceVersion "1"]
[SourceVersionDate "2024.01.10"]
[SourceQuality "1"]

1. c4 c6 2. Nf3 d5 3. g3 Nf6 4. Bg2 Bf5 5. Qb3 Qb6 6. d3 e6 7. 0-0 Nbd7 8. Be3 Bc5 9. Bxc5 Nxc5 10. Qc2 0-0 11. Nh4 d4 12. Nxf5 exf5 13. Nd2 Rfe8 14. Nf3 Rad8 15. Rab1 a5 16. b3 Qa7 17. a3 a4 18. b4 Nb3 19. Rbe1 f4 20. Nd2 fxg3 21. hxg3 h5 22. Bf3 Qb8 23. Nxb3 axb3 24. Qd2 Re5 25. e3 dxe3 26. Rxe3 h4 27. gxh4 Rd4 28. Rxe5 Ng4 29. Rfe1 Nxe5 30. Qe3 Rxd3 31. Qxe5 Qxe5 32. Rxe5 Rxf3 33. Re2 Kh7 34. Rb2 Kg6 35. Kf1 Kf5 36. Ke2 Ke4 37. a4 Rc3 38. b5 Kd4 39. a5 cxb5 40. cxb5 Kc5 41. a6 bxa6 42. bxa6 Kb6 43. Kd2 Rf3 44. Ke2 Rh3 45. Rb1 Kxa6 46. f3 b2 47. Ke3 Rh2 48. Kd3 Kb5 49. Kc3 Kc5 50. Rd1 g6 51. Kb3 Rd2 52. Rh1 Kd4 53. h5 gxh5 54. Ka2 f5 55. Rxh5 f4 56. Rh8 0-1

[Event "Madurai Athens of the East op 3rd"]
[Site "Madurai"]
[Date "2023.12.29"]
[Round "9"]
[White "Nishant, Abhijeet Jawalkar"]
[Black "Buscara, Sevan"]
[Result "1-0"]
[WhiteElo "1630"]
[BlackElo "2362"]
[PlyCount "103"]
[EventDate "2023.12.23"]
[EventType "swiss"]
[EventRounds "10"]
[EventCountry "IND"]
[SourceTitle "CB06_2024"]
[SourceDate "2024.02.07"]
[SourceVersion "1"]
[SourceVersionDate "2024.02.07"]
[SourceQuality "1"]

1. e4 c5 2. Nf3 Nc6 3. Bb5 e6 4. 0-0 Nge7 5. Re1 a6 6. Bf1 d5 7. exd5 Qxd5 8. b3 b6 9. Bb2 Bb7 10. Nc3 Qd8 11. Ne4 Nf5 12. a4 Be7 13. Ng3 Nxg3 14. hxg3 Bf6 15. Bxf6 Qxf6 16. Bd3 Nb4 17. Be2 0-0 18. c3 Nc6 19. Qc2 Rad8 20. Rad1 Qh6 21. Nh2 Rd6 22. Ng4 Qg5 23. Bf3 Rfd8 24. Ne3 b5 25. axb5 axb5 26. d4 cxd4 27. cxd4 h5 28. Qc5 Qf6 29. Qxb5 Ba8 30. Bxc6 Bxc6 31. Qxh5 Rxd4 32. Rxd4 Rxd4 33. Qc5 e5 34. b4 Qe6 35. b5 Bb7 36. Qc7 Rd7 37. Qc4 Qb6 38. Rd1 Rd4 39. Rxd4 exd4 40. Nf5 Qf6 41. Nxd4 Qg6 42. Nf3 Qb1+ 43. Qf1 Qb2 44. Ne1 Bd5 45. Qd3 Qc1 46. Qe3 Qb1 47. b6 Be6 48. f3 Bc4 49. Qe8+ Kh7 50. Qe4+ Qxe4 51. fxe4 Ba6 52. Nd3 1-0

[Event "Merida World Heritage op 3rd"]
[Site "Merida"]
[Date "2023.08.05"]
[Round "9"]
[White "Buscara, Sevan"]
[Black "Shyam, Nikil P"]
[Result "0-1"]
[WhiteElo "2354"]
[BlackElo "2473"]
[PlyCount "116"]
[EventDate "2023.07.31"]
[EventType "swiss"]
[EventRounds "9"]
[EventCountry "ESP"]
[SourceTitle "CBM 215 Extra"]
[Source "ChessBase"]
[SourceDate "2023.09.30"]
[SourceVersion "1"]
[SourceVersionDate "2023.09.30"]
[SourceQuality "1"]

1. d4 Nf6 2. Nf3 b6 3. Bf4 Nh5 4. Bg5 h6 5. Bd2 Bb7 6. c4 e6 7. Nc3 Nf6 8. Qc2 Bb4 9. a3 Bxc3 10. Bxc3 Ne4 11. d5 Nxc3 12. Qxc3 0-0 13. 0-0-0 exd5 14. cxd5 c6 15. d6 c5 16. e3 Re8 17. Bc4 Nc6 18. Rd5 Na5 19. Rf5 Nxc4 20. Qxc4 Re6 21. Ne5 f6 22. Nf3 Kh8 23. Rd1 Qe8 24. Rf4 Rc8 25. Qa4 a6 26. Rd2 b5 27. Qd1 Be4 28. Ne1 Bh7 29. Nc2 g5 30. Rf3 Be4 31. Rg3 Rc6 32. h4 Qf8 33. hxg5 fxg5 34. Qh5 Bg6 35. Qh3 Rcxd6 36. Rxd6 Rxd6 37. Rf3 Qg7 38. Qh2 Re6 39. Qc7 Kh7 40. Qc8 Re4 41. b3 Re6 42. Rf8 Rd6 43. Rd8 g4 44. Qb7 Bf5 45. Qa8 Qc3 46. e4 Rd2 47. Rh8+ Qxh8 48. Qxh8+ Kxh8 49. Kxd2 Bxe4 50. Ne3 h5 51. b4 d6 52. g3 Kg7 53. Nd1 Kf6 54. Ke3 Ke5 55. Nc3 d5 56. Ne2 d4+ 57. Kd2 c4 58. Nf4 h4 0-1

[Event "Merida World Heritage op 3rd"]
[Site "Merida"]
[Date "2023.08.04"]
[Round "7"]
[White "Flom, Gabriel"]
[Black "Buscara, Sevan"]
[Result "1-0"]
[WhiteElo "2438"]
[BlackElo "2354"]
[PlyCount "87"]
[EventDate "2023.07.31"]
[EventType "swiss"]
[EventRounds "9"]
[EventCountry "ESP"]
[SourceTitle "CBM 215 Extra"]
[Source "ChessBase"]
[SourceDate "2023.09.30"]
[SourceVersion "1"]
[SourceVersionDate "2023.09.30"]
[SourceQuality "1"]

1. d4 Nf6 2. c4 e6 3. Nc3 Bb4 4. a3 Bxc3+ 5. bxc3 d6 6. f3 Qe7 7. e4 e5 8. Bd3 c5 9. Ne2 Nc6 10. d5 Nb8 11. 0-0 h6 12. g4 h5 13. g5 Nh7 14. h4 g6 15. Qe1 Bh3 16. Rf2 f6 17. Rh2 Bc8 18. gxf6 Qxf6 19. Qg3 Nd7 20. Rg2 Kd8 21. Qxg6 Qxh4 22. Be3 Kc7 23. Ng3 Qf6 24. Qxh5 Qd8 25. Nf5 Nhf6 26. Qf7 Rh7 27. Rg7 Rxg7+ 28. Nxg7 Kb8 29. Bg5 a5 30. Rb1 Ra6 31. Kg2 a4 32. Rb5 Qh8 33. Bxf6 Qh6 34. Be7 Qd2+ 35. Kg3 Qe1+ 36. Kg4 Nf8+ 37. Nf5 Qg1+ 38. Kh5 Qh2+ 39. Bh4 Nd7 40. Ne7 Qd2 41. Nxc8 Qxd3 42. Qxd7 Qxf3+ 43. Kg6 Qxe4+ 44. Kg7 1-0

[Event "Merida World Heritage op 3rd"]
[Site "Merida"]
[Date "2023.08.01"]
[Round "3"]
[White "Buscara, Sevan"]
[Black "Lopez Mijail, Nicolas"]
[Result "1-0"]
[WhiteElo "2354"]
[BlackElo "2128"]
[PlyCount "31"]
[EventDate "2023.07.31"]
[EventType "swiss"]
[EventRounds "9"]
[EventCountry "ESP"]
[SourceTitle "CBM 215 Extra"]
[Source "ChessBase"]
[SourceDate "2023.09.30"]
[SourceVersion "1"]
[SourceVersionDate "2023.09.30"]
[SourceQuality "1"]

1. c4 e5 2. Nc3 Nf6 3. g3 d5 4. cxd5 Nxd5 5. Bg2 Nb6 6. Nf3 Nc6 7. 0-0 Be7 8. Rb1 f6 9. d4 exd4 10. Nb5 Bf5 11. Bf4 Nd5 12. Nfxd4 Nxf4 13. Nxf5 Qxd1 14. Rfxd1 Ne6 15. Bd5 Ncd8 16. Nxg7+ 1-0

[Event "Merida World Heritage op 3rd"]
[Site "Merida"]
[Date "2023.08.01"]
[Round "2"]
[White "Corbacho Chaves, Oscar"]
[Black "Buscara, Sevan"]
[Result "0-1"]
[WhiteElo "1885"]
[BlackElo "2354"]
[PlyCount "70"]
[EventDate "2023.07.31"]
[EventType "swiss"]
[EventRounds "9"]
[EventCountry "ESP"]
[SourceTitle "CBM 215 Extra"]
[Source "ChessBase"]
[SourceDate "2023.09.30"]
[SourceVersion "1"]
[SourceVersionDate "2023.09.30"]
[SourceQuality "1"]

1. Nf3 d5 2. b3 Bf5 3. Bb2 e6 4. g3 Nf6 5. Bg2 Be7 6. 0-0 0-0 7. c4 c6 8. d3 h6 9. Nbd2 Nbd7 10. d4 Qb8 11. e3 a5 12. a3 a4 13. c5 axb3 14. Qxb3 b6 15. cxb6 Ra6 16. Bc3 Rxb6 17. Qa2 Ra6 18. a4 c5 19. dxc5 Nxc5 20. a5 Nfd7 21. Rfc1 Nd3 22. Rcb1 Qc8 23. Rb3 N7c5 24. Rb5 Ne4 25. Bd4 Nexf2 26. Bf1 h5 27. Rb6 Ra8 28. Ne5 Nxe5 29. Bxe5 Ng4 30. Bd4 e5 31. Nb3 exd4 32. Rc1 Qd8 33. Rb7 Bg5 34. Rcc7 Bxe3+ 35. Kg2 Be4+ 0-1